Heart Speak 2002/ (Record no. 205707)
[ view plain ]
| 000 -LEADER | |
|---|---|
| fixed length control field | 00619nam a22001937a 4500 |
| 005 - DATE AND TIME OF LATEST TRANSACTION | |
| control field | 20240909122050.0 |
| 010 ## - LCCN (DPL NO) | |
| LC control number | ENG-141690 |
| 020 ## - INTERNATIONAL STANDARD BOOK NUMBER | |
| International Standard Book Number | 9789380335803 |
| Terms of availability | 225.00 |
| 035 ## - SYSTEM CONTROL NUMBER | |
| System control number | EN-125222 |
| 037 ## - SOURCE OF ACQUISITION | |
| Source of stock number/acquisition | DBAD |
| 082 ## - DEWEY DECIMAL CLASSIFICATION NUMBER | |
| Classification number | 230.3 |
| 100 ## - MAIN ENTRY--PERSONAL NAME | |
| Personal name | Rajagopalachari Parthasarathi |
| 245 ## - TITLE STATEMENT | |
| Title | Heart Speak 2002/ |
| Statement of responsibility, etc | Parthasarathi Rajagopalachari |
| 260 ## - PUBLICATION, DISTRIBUTION, ETC. (IMPRINT) | |
| Place of publication, distribution, etc | Kolkata |
| Name of publisher, distributor, etc | Spiritual Hierarchy Publication Trust ''Divine Bliss'' |
| Date of publication, distribution, etc | 2011 |
| 270 ## - ADDRESS | |
| Address | North Block, 2/3, Judges Court Road, |
| City | Kolkata |
| Postal code | 700027 |
| 300 ## - PHYSICAL DESCRIPTION | |
| Extent | cxv,=190p. |
| Dimensions | 22cm.(Pb) |
| Other physical details | ,ill |
| 490 ## - SERIES STATEMENT | |
| Volume number/sequential designation | 1 |
| 942 ## - ADDED ENTRY ELEMENTS (KOHA) | |
| Source of classification or shelving scheme | Dewey Decimal Classification |
| Item type | English Books |
| Classification part | 230.3 |
| Call number suffix | RAJ |
| Withdrawn status | Lost status | Not for loan | Collection code | Home library | Current library | Date acquired | Source of acquisition | Cost, normal purchase price | Full call number | Barcode | Copy number | Cost, replacement price | Koha item type |
|---|---|---|---|---|---|---|---|---|---|---|---|---|---|
| Non-fiction | Vinoba Puri | Vinoba Puri | 09/09/2024 | DBAD | 225.00 | 230.3 RAJ | EN-125222 | 1 | 225.00 | English Books |
